000 00275nam a2200121Ia 4500
005 20251222154306.0
008 251222s9999||||xx |||||||||||||| ||spa||
082 _a828.9/O75/2003
100 _aOrwell, George
245 0 _a1984
264 _bPlaneta DeAgostini
942 _cLIB
999 _c33217
_d33217